00269nam a2200121Ia 45000030006000000080041000060400015000471000016000622450031000782600009001095460012001180050017001300STCL150530s9999 xx 000 0 und d aSTCLcSTCL aGarnett, R. aEssays of an ex liberarian c1901 aEnglish20220125170842.0